عرض عادي عرض مارك
  • Smith, David M.,

مدخل إسم شخص

عدد التسجيلات المستخدمة في: 2

001 - رقم الضبط

  • حقل الضبط: 36551

003 - معرف رقم الضبط

  • حقل الضبط: OSt

005 - تاريخ ووقت أخر عملية

  • حقل الضبط: 20130806120359.0

008 - عناصر بيانات ثابتة الطول

  • حقل تحكم ثابت الطول: 130806|||a|||||| | ||| d

040 ## - مصدر الفهرسة

  • هيئة الفهرسة الأصلية: OSt
  • وكالة الكتابة: OSt

100 ## - مدخل -- أسم شخص

  • إسم شخص: Smith, David M.,
  • تواريخ مرتبطة بالاسم: 1942-

670 ## - بيانات المصدر موجوده

  • الاستشهاد بالمصدر: Work cat.: (OSt)0: Smith, David M., 1942-, Engineering computation with MATLAB /, c2013.